ბათუმის შოთა რუსთაველის სახელმწიფო უნივერსიტეტის ბიბლიოთეკა

ადამიანი, სახელმწიფო და ომი=Man, the State and War : თეორიული ანალიზი / (ბიბ.ჩანაწერი № 38508)

000 -ლიდერი
ფიქსირებული სიგრძის საკონტროლო ველი 01405nam a2200265Ia 4500
001 - საკონტროლო ნომერი
საკონტროლო ველი 4609
003 - საკონტროლო ნომრის იდენტიფიკატორი
საკონტროლო ველი GE_BSU
005 - ბოლო ოპერაციის თარიღი და დრო
საკონტროლო ველი 20190510185336.0
008 - ფიქსირებული სიგრძის მონაცემთა ელემენტები - ზოგადი ინფორმაცია
ფიქსირებული სიგრძის საკონტროლო ველი 181216s2003||||ge |||||||||||||| ||geo||
020 ## - წიგნის საერთაშორისო სტანდარტული ნომერი
International Standard Book Number 9994017209
040 ## - კატალოგიზაციის წყარო
Transcribing agency GE_BSU
041 ## - ენის კოდი
Language code of text/sound track or separate title geo
080 ## - უნივერსალური ათობითი კლასიფიკაციის ინდექსი
Universal Decimal Classification number 316.485.26+316.485.25+327.57 უ–34
100 ## - მთავარი ჩანაწერი - პიროვნების სახელი
Personal name უოლცი, კენეთ ნ.
9 (RLIN) 1004
245 ## - ცნობა სათაურის შესახებ
Title ადამიანი, სახელმწიფო და ომი=Man, the State and War : თეორიული ანალიზი /
Statement of responsibility, etc კენეთ ნ. უოლცი ; რედ : ნინო კიღურაძე , მთარგმნ. თორნიკე თურმანიძე , ერეკლე ურუშაძე
264 ## - წარმოების, გამოცემის, დისტრიბუციის და სხვა ცნობები
გამოცემის, წარმოების, დისტრიბუციის... ადგილი თბილისი .:
გამოცემის, წარმოების, დისტრიბუციის... სახელწოდება ჯისიაი,
გამოცემის, წარმოების, დისტრიბუციის... თარიღი 2003.
300 ## - ფიზიკური აღწერა
Extent 280გვ . ;
Dimensions 20სმ.
440 ## - სერიის ცნობა / დამატებულია ჩანაწერი - სათაური
Title სოციალურ მეცნიერებათა სერია
9 (RLIN) 955
504 ## - BIBLIOGRAPHY, ETC. NOTE
Bibliography, etc ბიბლიოგრ.: გვ. 264-280
653 ## - INDEX TERM--UNCONTROLLED
Uncontrolled term ადამიანი, სახელმწიფო და ომი.
700 ## - ADDED ENTRY--PERSONAL NAME
Personal name კიღურაძე, ნინო
Relator term რედაქტორი
9 (RLIN) 1005
700 ## - ADDED ENTRY--PERSONAL NAME
Personal name თურმანიძე,თორნიკე
Relator term მთარგმნელი
9 (RLIN) 1006
700 ## - ADDED ENTRY--PERSONAL NAME
Personal name ურუშაძე, ერეკლე
Relator term მთარგმნელი
9 (RLIN) 1007
942 ## - ADDED ENTRY ELEMENTS (KOHA)
Koha item type წიგნი
Source of classification or shelving scheme
ეგზემპლარები
ჩამოწერის სტატუსი დაკარგული ეგზემპლარის სტატუსი კლასიფიკაციის წყარო ან თაროზე გაწყობის სქემა დაზიანების სტატუსი არ გაიცემა მუდმივი მდებარეობა (დაცვის ადგილი) ამჟამინდელი ადგილსამყოფელი თაროზე განთავსების ადგილი შეძენის თარიღი სრული შენახვის შიფრი შტრიხკოდი ბოლო ოპერაციის თარიღი ეგზემპლარის მიმდევრობითი ნომერი (კეტერი?) ფასის ძალაში შესვლის თარიღი ეგზემპლარის სახეობა
          ტექნოლოგიური ფაკულტეტის ბიბლიოთეკა ტექნოლოგიური ფაკულტეტის ბიბლიოთეკა წიგნსაცავი 2018-12-17 316.485.26+316.485.25+327.57 უ–34 8353 2018-12-17 8353 2018-12-17 წიგნი